00293nam a2200109Ia 4500008004100000100001600041245005500057250000800112260004600120300000900166650000800175191201s2011 xx 000 0 und d aSAHDEV, S K 0aFundamental of electrical engineering & electronic aRep c2011bDhanpat Rai Pubns (P) LtdaN. delhi aMISC aECE